|
|
|
|
| LEADER |
00647nab a2200181 i 4500 |
| 001 |
acta26948 |
| 005 |
20210223155419.0 |
| 008 |
161017s1981 hu o 0|| hun d |
| 022 |
|
|
|a 1219-0039
|
| 040 |
|
|
|a SZTE Egyetemi Kiadványok Repozitórium
|b hun
|
| 041 |
|
|
|a hun
|
| 100 |
1 |
|
|a Zátonyi Sándor
|
| 245 |
1 |
2 |
|a A reprezentatív eredmény vizsgálat feladatlapjai
|h [elektronikus dokumentum] :
|b fizika 6. osztály /
|c Zátonyi Sándor
|
| 260 |
|
|
|c 1981
|
| 300 |
|
|
|a 297-307
|
| 490 |
0 |
|
|a Módszertani közlemények
|v 21 No. 5
|
| 695 |
|
|
|a Neveléstudomány
|
| 856 |
4 |
0 |
|u http://acta.bibl.u-szeged.hu/26948/1/modszertani_021_005_297-307.pdf
|z Dokumentum-elérés
|